000 00507nam a2200193 a 4500
003 OSt
005 20161010093109.0
008 020226s1987 esp 000 0 spa d
020 _a99923-0-16-7
040 _cBCRI
_aBCRI
082 _a861
100 _937199
_aCea, José Roberto
245 1 0 _aTodo el Códice
_c José Roberto Cea
250 _a5a ed.
260 _aSan Salvador
_bCONCULTURA
_c1998
300 _a127 p.
_c21 cm
650 2 4 _929414
_aPoesías españolas
942 _2ddc
_cBK
_hprozim
999 _c23318
_d23318